| 000 | 00700nam a2200217 i 4500 | ||
|---|---|---|---|
| 001 | bg | ||
| 245 | 0 | 0 |
_aWybrane aspekty przekładu literackiego i specjalistycznego : _btłumaczenie, przekład, komunikacja / _cred. nauk. Julian Maliszewski. |
| 260 |
_aCzęstochowa : _bWydaw. Wydziału Zarządzania Politechniki Częstochowskiej, _c2003. |
||
| 300 |
_a75 s. ; _c24 cm. |
||
| 500 | _aTekst częśc. ang. | ||
| 504 | _aBibliogr. przy pracach. | ||
| 650 | 9 |
_aPrzekłady _xteoria |
|
| 700 | 1 |
_aMALISZEWSKI, Julian. _eRed. |
|
| 020 | _a8388469967 | ||
| 040 | _cBPK | ||
| 041 | 1 | _apoleng | |
| 080 | _a81'25 | ||
| 920 | _a83-88469-96-7 | ||
| 942 | _cKS | ||
| 008 | s pl f |000 0 pol | ||
| 999 |
_c43975 _d43975 |
||